Geometría elemental
Publicado:
Barcelona :
Escuela Elemental del Trabajo de la Diputación Provincial de Barcelona ,
1946
Descripción Física:
57 p. : il. ; 21 cm
Otros Autores:
Escola Elemental del Treball (Barcelona)
Materias:
Geometria
MARC
| LEADER | 00000nam a2200000Ia 4500 | ||
|---|---|---|---|
| 001 | 11620 | ||
| 008 | 160829s1946 xx 000 0 cat d | ||
| 080 | |a C-1-441 | ||
| 245 | |a Geometría elemental | ||
| 260 | |a Barcelona : |b Escuela Elemental del Trabajo de la Diputación Provincial de Barcelona, |c 1946 | ||
| 300 | |a 57 p. : |b il. ; |c 21 cm | ||
| 650 | |a Geometria |9 23877 | ||
| 700 | |a Escola Elemental del Treball (Barcelona) |9 55345 | ||
| 901 | |a Arxiu | ||
| 942 | |n 1 | ||
| 952 | |0 0 |1 0 |4 0 |6 C1441 |7 1 |9 48553 |a Arxiu |b Arxiu |d 2016-12-01 |l 0 |o C-1-441 |p 11620 |r 2016-12-01 00:00:00 |w 2016-12-01 |y ARXIU | ||
| 999 | |c 52382 |d 52382 | ||